Guess the Dead Poets Society character by picture - Statistics

General Stats
  • This quiz has been taken 40 times
  • The average score is 10 of 11
Answer Stats
Picture Answer % Correct
Neil Perry
100%
Todd Anderson
100%
Charlie Dalton
97%
Mr Keating
94%
Knox Overstreet
91%
Steven Meeks
91%
Gerard Pitts
88%
Mr Perry
88%
Richard Cameron
88%
Chris Noel
82%
Mr Nolan
64%
No matching quizzes found
Score Distribution
Percent of People with Each Score
Percentile by Number Answered
Your Score History
You have not taken this quiz